00309nam a2200121Ia 4500008004100000041000800041082001600049100001000065245003900075260003800114300002400152365001100176240624s9999 xx 000 0 und d aeng a364.163 ICF aICFAI aCASE STUDIES IN SCAMS AND SCANDALS c2006aHyderabadbICFAI University a269 : p. : cm. ; 24 cRSb25